书目信息 |
| 题名: |
中国名墓风水
|
|
| 作者: | 张觉明 著 | |
| 分册: | ||
| 出版信息: | 武汉 湖北人民出版社 2009.07 |
|
| 页数: | 265页 | |
| 开本: | 22cm | |
| 丛书名: | 中国建筑·风水·旅游大系 | |
| 单 册: | ||
| 中图分类: | K928.76 | |
| 科图分类: | ||
| 主题词: | 陵墓--ling mu--简介--中国 | |
| 电子资源: | ||
| ISBN: | 978-7-216-05844-5 | |
| 000 | 00943nam 2200265 450 | |
| 001 | 012010521847 | |
| 005 | 20101106104738.42 | |
| 010 | @a978-7-216-05844-5@dCNY25.00 | |
| 100 | @a20101104d2009 em y0chiy0120 ea | |
| 101 | 0 | @achi |
| 102 | @aCN@b420000 | |
| 105 | @ay a 000yy | |
| 106 | @ar | |
| 200 | 1 | @a中国名墓风水@Azhong guo ming mu feng shui@f张觉明著@Fzhang jue ming zhu |
| 210 | @a武汉@c湖北人民出版社@d2009.07 | |
| 215 | @a265页@d22cm | |
| 225 | 2 | @a中国建筑·风水·旅游大系@Azhong guo jian zhu·feng shui·lu you da xi |
| 320 | @a有书目 (第256-265页) | |
| 330 | @a本书详论明朝开国皇帝朱元璋在江苏南京的明孝陵,至近代蒋介石在台湾桃园的慈湖陵寝,五百多年来的帝王陵寝,以及近代名人的坟墓或祖坟。 | |
| 410 | 0 | @12001 @a中国建筑·风水·旅游大系 |
| 606 | 0 | @a陵墓@Aling mu@x简介@y中国 |
| 690 | @aK928.76@v4 | |
| 701 | 0 | @a张觉明@Azhang jue ming@4著 |
| 801 | 0 | @aCN@bQSSK@c20101106 |
| 905 | @b786833-35@dK928.76@eZ124@f3 | |
| 中国名墓风水/张觉明著.-武汉:湖北人民出版社,2009.07 |
| 265页;22cm.-(中国建筑·风水·旅游大系) |
| ISBN 978-7-216-05844-5:CNY25.00 |
| 本书详论明朝开国皇帝朱元璋在江苏南京的明孝陵,至近代蒋介石在台湾桃园的慈湖陵寝,五百多年来的帝王陵寝,以及近代名人的坟墓或祖坟。 |
| ● |
| 相关链接 |
|
|
|
正题名:中国名墓风水
索取号:K928.76/Z124
 
预约/预借
| 序号 | 登录号 | 条形码 | 馆藏地/架位号 | 状态 | 备注 |
| 1 | 786833 | 207868333 | 社科库309/309社科库 22排4列6层/ [索取号:K928.76/Z124] | 在馆 | |
| 2 | 786834 | 207868342 | 社科库309/309社科库 22排4列6层/ [索取号:K928.76/Z124] | 在馆 | |
| 3 | 786835 | 207868351 | 社科库309/309社科库 22排4列6层/ [索取号:K928.76/Z124] | 在馆 |